The Physics of Thin Film Optical Spectra An Introduction /

The book bridges the gap between fundamental physics courses (such as optics, electrodynamics, quantum mechanics and solid state physics) and highly specialized literature on the spectroscopy, design, and application of optical thin film coatings. Basic knowledge from the above-mentioned courses is...

Full description

Bibliographic Details
Main Author: Stenzel, Olaf (Author)
Corporate Author: SpringerLink (Online service)
Format: Electronic eBook
Language:English
Published: Cham : Springer International Publishing : Imprint: Springer, 2016.
Edition:2nd ed. 2016.
Series:Springer Series in Surface Sciences, 44
Subjects:
Online Access:Full Text via HEAL-Link
LEADER 03306nam a22006015i 4500
001 978-3-319-21602-7
003 DE-He213
005 20160927111851.0
007 cr nn 008mamaa
008 150922s2016 gw | s |||| 0|eng d
020 |a 9783319216027  |9 978-3-319-21602-7 
024 7 |a 10.1007/978-3-319-21602-7  |2 doi 
040 |d GrThAP 
050 4 |a QC176.8.S8 
050 4 |a QC611.6.S9 
050 4 |a QC176.84.S93 
072 7 |a PHFC  |2 bicssc 
072 7 |a SCI077000  |2 bisacsh 
082 0 4 |a 530.417  |2 23 
100 1 |a Stenzel, Olaf.  |e author. 
245 1 4 |a The Physics of Thin Film Optical Spectra  |h [electronic resource] :  |b An Introduction /  |c by Olaf Stenzel. 
250 |a 2nd ed. 2016. 
264 1 |a Cham :  |b Springer International Publishing :  |b Imprint: Springer,  |c 2016. 
300 |a XXVI, 352 p. 120 illus., 57 illus. in color.  |b online resource. 
336 |a text  |b txt  |2 rdacontent 
337 |a computer  |b c  |2 rdamedia 
338 |a online resource  |b cr  |2 rdacarrier 
347 |a text file  |b PDF  |2 rda 
490 1 |a Springer Series in Surface Sciences,  |x 0931-5195 ;  |v 44 
505 0 |a Introduction -- Part I Classical Description of the Interaction of Light with Matter -- Part II Interface Reflection and Interference Phenomena in Thin Film Systems -- Part III Semiclassical Description of the Interaction of Light with Matter -- Part V Basics of Nonlinear Optics. 
520 |a The book bridges the gap between fundamental physics courses (such as optics, electrodynamics, quantum mechanics and solid state physics) and highly specialized literature on the spectroscopy, design, and application of optical thin film coatings. Basic knowledge from the above-mentioned courses is therefore presumed. Starting from fundamental physics, the book enables the reader derive the theory of optical coatings and to apply it to practically important spectroscopic problems. Both classical and semiclassical approaches are included. Examples describe the full range of classical optical coatings in various spectral regions as well as highly specialized new topics such as rugate filters and resonant grating waveguide structures.The second edition has been updated and extended with respect to probing matter in different spectral regions, homogenous and inhomogeneous line broadening mechanisms and the Fresnel formula for the effect of planar interfaces. 
650 0 |a Physics. 
650 0 |a Surfaces (Physics). 
650 0 |a Interfaces (Physical sciences). 
650 0 |a Thin films. 
650 0 |a Spectroscopy. 
650 0 |a Microscopy. 
650 0 |a Optical materials. 
650 0 |a Electronic materials. 
650 0 |a Materials  |x Surfaces. 
650 1 4 |a Physics. 
650 2 4 |a Surface and Interface Science, Thin Films. 
650 2 4 |a Optics, Lasers, Photonics, Optical Devices. 
650 2 4 |a Optical and Electronic Materials. 
650 2 4 |a Surfaces and Interfaces, Thin Films. 
650 2 4 |a Spectroscopy and Microscopy. 
710 2 |a SpringerLink (Online service) 
773 0 |t Springer eBooks 
776 0 8 |i Printed edition:  |z 9783319216010 
830 0 |a Springer Series in Surface Sciences,  |x 0931-5195 ;  |v 44 
856 4 0 |u http://dx.doi.org/10.1007/978-3-319-21602-7  |z Full Text via HEAL-Link 
912 |a ZDB-2-PHA 
950 |a Physics and Astronomy (Springer-11651)